00387 2200157 4500001002100000005001500021035002000036245005200056100002000108300001200128260003700140082000800177084001400185020001800199990001200217INLIS00000000000165420250429084702 a0010-04250000701 aAgar Bidadari Cemburu Padamu /cSalim A. Fillah0 aSalim A. Fillah a252 hlm aYogyakarta :bPro-U Media,c2006 a297 a297 SAL a a979-98151-1-8 a0754684